00521 2200205 4500001002100000005001500021008004100036020002500077035001900102041000700121082001200128090001800140100002500158245004800183250001500231260001800246300002400264500001100288650001600299INLIS00000000000140520241224112338241224||||||||| | ||| |||| || |  aISBN 978-979-665-615 0010-1224001405 aid0 a371. 36 a371. 36 HEN s0 aHenry Guntur Tarigan00aStrategi Pengajaran dan Pembelajaran Bahasa aEd. Revisi bAngkasac2009 avi, 210 hlm.; 19 cm aCet. 1 0aIlmu Sosial